Neobyčajné príhody Dra. Jekylla a Mr. Hydea

Bibliographic Details
Main Author: Stevenson, Robert Louis, 1850-1894 (Author)
Other Authors: Kováčik, Michal (Translator)
Format: Book
Language:Slovak
English
PhysicalDescription:122 s. 21 cm
Published: New York Slovak Newspaper and Book Co. 1924
Subjects:

MARC

LEADER 00000nam a2200000 a 4500
001 vtls001396539
003 SK-MaSNL
005 20260301201837.0
008 000920s1924 xxu gr 0000f slo
015 |a SNBA1930 
020 |q (brož.) 
035 |a SNK000350917 
040 |a SNK  |b slo  |c SNK  |e AACR2 
041 1 |a slo  |h eng 
044 |a xxu  |c US 
072 7 |a 821.111-3  |x Anglická próza, anglicky písaná  |2 konspekt 
080 |a 821.111-32  |2 2011 
100 1 |a Stevenson, Robert Louis,  |d 1850-1894  |4 aut  |9 109950 
245 1 0 |a Neobyčajné príhody Dra. Jekylla a Mr. Hydea  |c napísal Robert Louis Stevenson ; preložil Michal Kováčik 
246 3 3 |a Neobyčajné príhody Dr. Jekylla a Mr. Hydea 
260 |a New York  |b Slovak Newspaper and Book Co.  |c 1924 
300 |a 122 s.  |c 21 cm 
655 7 |a anglické novely  |2 SNKPH  |9 81663 
700 1 |a Kováčik, Michal  |4 trl  |9 453622 
852 |a Slovenská národná knižnica v Martine 
954 |a beletria cudzojazyčná (svetová)  |2 lita 
958 |a UP 
958 |a LX 
958 |a ONDV 
999 |c 896512  |d 898442 
952 |a SNK  |b SNK  |y PREZ  |7 0  |p 17A0252487  |o snkSC 920 D1  |i snk1922/36  |0 0  |1 0  |4 0  |d 2000-09-20  |l 0  |r 2005-01-02 00:00:00  |w 2026-02-24 
952 |a SNK  |b SNK  |y PREZ  |7 0  |p 17A0152520  |o snkSC 920 D2  |i snkF 682/66  |8 5  |0 0  |1 0  |4 0  |d 2001-03-10  |l 0  |r 2005-01-02 00:00:00  |w 2026-02-24 
952 |a SNK  |b SNK  |y PREZ  |7 0  |p 17A0715247  |o snkSC 920  |i snk344/30  |0 0  |1 0  |4 0  |d 2011-11-14  |f 1  |l 0  |r 2025-06-04 00:00:00  |w 2026-02-24